| 000 | 00469nam a2200193Ia 4500 | ||
|---|---|---|---|
| 005 | 20240921120852.0 | ||
| 008 | 240921s9999||||xx |||||||||||||| ||und|| | ||
| 041 | _aENGLISH | ||
| 082 | _A621.3815 M4 | ||
| 100 | _aGray,Paul R | ||
| 245 | 0 | _aAnalysis and Design of Analog Integrated Circuits | |
| 250 | _a2nd | ||
| 260 | _bJohn Wiley,New | ||
| 500 | _aFeed Back | ||
| 650 |
_aAnalog _bElectronics |
||
| 700 | _a Meyer,Robert G | ||
| 942 | _cBK | ||
| 999 |
_c247716 _d247716 |
||